عرض عادي
عرض مارك
- Médicaments
مدخل مصطلح موضوعي
001 - رقم الضبط
- حقل الضبط: 21340
003 - معرف رقم الضبط
- حقل الضبط: OSt
005 - تاريخ ووقت أخر عملية
- حقل الضبط: 20130211005250.0
008 - عناصر بيانات ثابتة الطول
- حقل تحكم ثابت الطول: 130211|||a|||||| | ||| d
040 ## - مصدر الفهرسة
- هيئة الفهرسة الأصلية: OSt
- وكالة الكتابة: OSt
150 ## - مدخل-- مصطلح تاريخي
- عنصر مدخل المصطلح الموضوعي او الاسم الجغرافي: Médicaments
- تفريع عام: Prescription
- تفريع شكلي: Problèmes et exercices.
670 ## - بيانات المصدر موجوده
- الاستشهاد بالمصدر: Work cat.: (OSt)30009: Finkel, Richard, PharmD. 21335, Patient care management lab :, c2008.
